La constitución reformada de 2005

Gardado en:
Detalles Bibliográficos
Autor Principal: Nogueira Alcalá, Humberto (coordinador)
Formato: Libro
Idioma:Lingua castelá
Publicado: Santiago Librotecnia 2005
Santiago Universidad de Talca 2005
Edición:1a. ed
Subjects:
Tags: Engadir etiqueta
Sen Etiquetas, Sexa o primeiro en etiquetar este rexistro!

MARC

LEADER 00000nam a2200000 a 4500
001 UCJ0384
003 CL-VaPUC
005 20240807163628.0
008 060721e20050000CL |||||||||||||||||spa|d
999 |c 317238  |d 317236 
020 |a 9567950318 
040 |c Pontificia Universidad Católica de Valparaíso 
082 0 4 |a 342.83  |b NOG  |2 21 
100 |a Nogueira Alcalá, Humberto  |e coordinador  |9 876108 
245 1 3 |a La constitución reformada de 2005 
250 |a 1a. ed 
260 |a Santiago  |b Librotecnia  |c 2005 
260 |a Santiago  |b Universidad de Talca  |c 2005 
300 |a 668 p 
583 |a last modification  |c 20130305 04:25:49  |k Rodrigo Vera 
650 0 |a Derecho constitucional chileno  |9 478271 
650 0 |a Reforma constitucional  |9 332804 
650 7 |a DERECHO CHILENO  |2 CL-VaPUC  |9 500539 
650 0 |a Jurisprudencia  |9 255952 
942 |c BK  |2 ddc 
945 |d 20060721 00:00:00  |a cmena 
952 |0 0  |1 0  |4 0  |6 342_830000000000000_NOG_2005_2005  |7 0  |8 A  |9 393287  |a BIBDER  |b BIBDER  |d 2019-11-22  |i 4256964  |l 2  |o 342.83 NOG 2005 2005  |p 4256964  |r 2023-05-18  |s 2023-05-18  |w 2019-11-22  |y BK  |k DER